Fyzikálna chémia chemická termodynamika a kinetika

Bibliographic Details
Main Authors: Rybárová, Žofia (Author), Komorová, Ľudmila, 1945- (Author)
Format: Book
Language:Slovak
PhysicalDescription:190 strán
Published: Bratislava Alfa 1990
ISBN:8005004788
Edition:1. vyd.
Subjects:

MARC

LEADER 00000cam a2200000 a 4500
001 vtls008778099
003 SK-MaSNL
005 20260301124126.0
008 231120s1990 xo frp 000 0 slo
015 |a SNBA1990/08 
020 |a 8005004788  |q (brožované) 
035 |a urn:nbn:sk:snk-amlgtc 
035 |a urn:nbn:sk:snk-am00boda 
035 |a 2EA0BF69-86B7-4E41-8EDB-752692300CA3 
040 |a SNK  |b slo  |c SNK  |e AACR2 
041 0 |a slo 
044 |a xo  |c SK 
072 7 |a 544  |x Fyzikálna chémia  |2 konspekt 
072 7 |a 37.016  |x Učebné osnovy. Vyučovacie predmety. Učebnice  |2 konspekt 
080 |a (075.8)  |2 2011 
080 |a 544  |2 2011 
080 |a 544.3  |2 2011 
080 |a 544.431  |2 2011 
100 1 |a Rybárová, Žofia  |4 aut  |9 9340 
245 1 0 |a Fyzikálna chémia  |b chemická termodynamika a kinetika  |c Žofia Rybárová a Ľudmila Komorová 
250 |a 1. vyd. 
260 |a Bratislava  |b Alfa  |c 1990 
300 |a 190 strán 
650 0 7 |a fyzikálna chémia  |2 SNKPH  |9 848 
650 0 7 |a chemická termodynamika  |2 SNKPH  |9 50230 
650 0 7 |a chemická kinetika  |2 SNKPH  |9 75336 
655 7 |a učebnice vysokých škôl  |2 SNKPH  |9 70191 
700 1 |a Komorová, Ľudmila,  |d 1945-  |4 aut  |9 93884 
852 |a Slovenská národná knižnica 
919 |a 80-05-00478-8 
954 |a odborná, vedecká literatúra pôvodná (slovenská)  |2 lita 
958 |a RK 
958 |a TL 
958 |a EUIPO 
958 |a OND 
958 |a UV 
999 |c 738539  |d 740469 
952 |a SNK  |b SNK  |y VYP  |7 0  |p 17A0142362  |o snkSB 47186 D1  |0 0  |1 0  |4 0  |d 1998-05-27  |l 0  |r 2004-12-31 00:00:00  |w 2026-02-23 
952 |a SNK  |b SNK  |y PREZ  |7 0  |p 17A0873338  |o snkSB 47186  |0 0  |1 0  |4 0  |d 2012-07-09  |f 1  |l 0  |r 2025-02-07 00:00:00  |w 2026-02-23